| 000 | 04239cam a2200577 i 4500 | ||
|---|---|---|---|
| 001 | 22020411 | ||
| 003 | BJBSDDR | ||
| 005 | 20250808110606.0 | ||
| 007 | ta | ||
| 008 | 210504s2021 nyua b 001 0 eng | ||
| 010 | _a 2021021164 | ||
| 020 | _a9781631498923 (paperback) | ||
| 020 | _a1631498924 (paperback) | ||
| 020 |
_z9781631498930 _q(epub) |
||
| 040 |
_aDLC _beng _erda _cDLC _dDLC |
||
| 041 | _aeng | ||
| 042 | _apcc | ||
| 043 | _an-us--- | ||
| 050 | 1 | 4 |
_aHV 6477 _bU58e 2021 |
| 082 | 0 | 0 | _a363.32/30973 |
| 110 | 1 |
_aUnited States. _bNational Advisory Commission on Civil Disorders _944069 |
|
| 240 | 1 | 0 | _aReport of the National Advisory Commission on Civil Disorders. |
| 245 | 1 | 4 |
_aThe essential Kerner Commission report / _cedited and introduced by Jelani Cobb, with Matthew Guariglia. |
| 246 | 3 | 0 | _aKerner Commission report |
| 250 | _aFirst edition. | ||
| 264 | 1 |
_aNew York : _bLiveright Publishing Corporation, A Division of W.W. Norton & Company, _c2021. |
|
| 300 |
_axxvi, 283 pages : _billustrations ; _c21 cm |
||
| 336 |
_atext _btxt _2rdacontent |
||
| 337 |
_aunmediated _bn _2rdamedia |
||
| 338 |
_avolume _bnc _2rdacarrier |
||
| 504 | _aIncludes bibliographical references and index. | ||
| 505 | 0 | _aIntroduction / by Jelani Cobb The Essential Kerner Commission Report: Part I. What Happened?: Chapter 1. Profiles of Disorder ; Chapter 2. Patterns of Disorder Part II. Why Did it Happen?: Chapter 4. The Basic Causes ; Chapter 6. The Formation of Racial Ghettos ; Chapter 7. Unemployment, Family Structure and Social Disorganization ; Chapter 8. Conditions of Life in the Racial Ghetto Part III. What Can be Done?: Chapter 11. Police the Community ; Chapter 12. Control of Disorder ; Chapter 15. The News Media and the Disorders ; Chapter 17. Recommendations for National Action Conclusion Appendix: Frequently asked questions | |
| 520 |
_a"Recognizing that an historic study of American racism and police violence should become part of today's canon, Jelani Cobb contextualizes it for a new generation. The Kerner Commission Report, released a month before Martin Luther King Jr.'s 1968 assassination, is among a handful of government reports that reads like an illuminating history book-a dramatic, often shocking, exploration of systemic racism that transcends its time. Yet Columbia University professor and New Yorker correspondent Jelani Cobb argues that this prescient report, which examined more than a dozen urban uprisings between 1964 and 1967, has been woefully neglected. In an enlightening new introduction, Cobb reveals how these uprisings were used as political fodder by Republicans and demonstrates that this condensed edition of the Report should be essential reading at a moment when protest movements are challenging us to uproot racial injustice. A detailed examination of economic inequality, race, and policing, the Report has never been more relevant, and demonstrates to devastating effect that it is possible for us to be entirely cognizant of history and still tragically repeat it"-- _cProvided by publisher. |
||
| 650 | 0 |
_aRace riots _zUnited States _xHistory _y20th century. |
|
| 650 | 4 |
_aDisturbios raciales _xHistoria _zEstados Unidos _ySiglo XX _944070 |
|
| 650 | 0 |
_aPolice brutality _zUnited States _vCase studies. |
|
| 650 | 4 |
_aBrutalidad policial _zEstados Unidos _vEstudio de casos _9414 |
|
| 650 | 0 |
_aUrban poor _zUnited States |
|
| 650 | 4 |
_aPobreza urbana _zEstados Unidos _913380 |
|
| 650 | 0 |
_aAfrican Americans _xSocial conditions _y20th century. |
|
| 650 | 4 |
_aAfroamericanos _xCondiciones sociales _ySiglo XX _97047 |
|
| 650 | 0 |
_aAfrican Americans _xEconomic conditions _y20th century. |
|
| 650 | 4 |
_aAfroamericanos _xCondiciones económicas _ySiglo XX _99498 |
|
| 651 | 0 |
_aUnited States _xRace relations. |
|
| 651 | 4 |
_aEstados Unidos _xRelaciones raciales _9702 |
|
| 700 | 1 |
_aCobb, William Jelani _eeditor, _eauthor of introduction. _942876 |
|
| 700 | 1 |
_aGuariglia, Matthew _eeditor. _942877 |
|
| 906 |
_a7 _bcbc _corignew _d1 _eecip _f20 _gy-gencatlg |
||
| 942 |
_2lcc _cBK |
||
| 999 |
_c123946 _d123946 |
||